|
|
|
|
| LEADER |
01353nam a2200361 a 4500 |
| 001 |
EBC595362 |
| 003 |
MiAaPQ |
| 005 |
20200520144314.0 |
| 006 |
m o d | |
| 007 |
cr cn||||||||| |
| 008 |
110909s2010 gw c sb 000 0 eng d |
| 020 |
|
|
|z 9783836695923
|
| 020 |
|
|
|a 9783836645928 (electronic bk.)
|
| 035 |
|
|
|a (MiAaPQ)EBC595362
|
| 035 |
|
|
|a (Au-PeEL)EBL595362
|
| 035 |
|
|
|a (CaPaEBR)ebr10489151
|
| 035 |
|
|
|a (OCoLC)679423914
|
| 040 |
|
|
|a MiAaPQ
|c MiAaPQ
|d MiAaPQ
|
| 041 |
0 |
|
|a eng
|a ger
|
| 043 |
|
|
|a e-gx---
|
| 050 |
|
4 |
|a HF5549.5.T7
|b S88 2010
|
| 100 |
1 |
|
|a Sutton, Kim Maya.
|
| 245 |
1 |
0 |
|a Introduction of an employee-led training system at stage entertainment Germany
|h [electronic resource] :
|b a qualitative study /
|c Kim Maya Sutton.
|
| 260 |
|
|
|a Hamburg :
|b Diplomica Verlag,
|c 2010.
|
| 300 |
|
|
|a v, 41, i-xxv p. :
|b col. port.
|
| 500 |
|
|
|a Title from cover.
|
| 500 |
|
|
|a Author biography in German.
|
| 504 |
|
|
|a Includes bibliographical references.
|
| 533 |
|
|
|a Electronic reproduction. Ann Arbor, MI : ProQuest, 2015. Available via World Wide Web. Access may be limited to ProQuest affiliated libraries.
|
| 650 |
|
0 |
|a Employees
|x Training of
|z Germany.
|
| 655 |
|
4 |
|a Electronic books.
|
| 710 |
2 |
|
|a ProQuest (Firm)
|
| 856 |
4 |
0 |
|u https://ebookcentral.proquest.com/lib/matrademy/detail.action?docID=595362
|z Click to View
|